<?xml version="1.0" encoding="UTF-8"?>
<collection xmlns="http://www.loc.gov/MARC21/slim">
 <record>
  <leader>01288nam0a2200241   4500</leader>
  <controlfield tag="001">in00000004474</controlfield>
  <controlfield tag="005">20230616150916.9</controlfield>
  <datafield tag="010" ind1=" " ind2=" ">
   <subfield code="a">978-7-5126-9443-9</subfield>
   <subfield code="d">CNY38.00</subfield>
  </datafield>
  <datafield tag="035" ind1=" " ind2=" ">
   <subfield code="a">012178078</subfield>
  </datafield>
  <datafield tag="100" ind1=" " ind2=" ">
   <subfield code="a">20230306d2023    em y0chiy50      ea</subfield>
  </datafield>
  <datafield tag="101" ind1="0" ind2=" ">
   <subfield code="a">chi</subfield>
  </datafield>
  <datafield tag="102" ind1=" " ind2=" ">
   <subfield code="a">CN</subfield>
   <subfield code="b">110000</subfield>
  </datafield>
  <datafield tag="105" ind1=" " ind2=" ">
   <subfield code="a">a   z   000ay</subfield>
  </datafield>
  <datafield tag="106" ind1=" " ind2=" ">
   <subfield code="a">r</subfield>
  </datafield>
  <datafield tag="200" ind1="1" ind2=" ">
   <subfield code="a">六国饭店1931</subfield>
   <subfield code="9">liu guo fan dian 1931</subfield>
   <subfield code="f">孙屹著</subfield>
  </datafield>
  <datafield tag="210" ind1=" " ind2=" ">
   <subfield code="a">北京</subfield>
   <subfield code="c">团结出版社</subfield>
   <subfield code="d">2023</subfield>
  </datafield>
  <datafield tag="215" ind1=" " ind2=" ">
   <subfield code="a">16,44,208页</subfield>
   <subfield code="c">图，照片</subfield>
   <subfield code="d">21cm</subfield>
  </datafield>
  <datafield tag="300" ind1=" " ind2=" ">
   <subfield code="a">历史小说</subfield>
  </datafield>
  <datafield tag="330" ind1=" " ind2=" ">
   <subfield code="a">本书讲述：六国饭店创建于庚子国难之后不久，是当时最好的饭店，也成为神秘的冒险家的乐园。六国饭店的麻将桌上输赢的是南北的战事，六国饭店的床帏上交流的是政坛的沉浮，六国饭店的酒吧里传唱的是血与火的灾难和史诗，六国饭店的大堂里，清朝遗老、北洋军阀、民国政要、中外商贾等沆瀣一气。而主人公余之蚨，则是一个典型的、温婉的中国读书人。他就像一只盲眼的蝙蝠，一不小心飞进夏夜的气流漩涡里，无法抽身。</subfield>
  </datafield>
  <datafield tag="606" ind1="0" ind2=" ">
   <subfield code="a">长篇历史小说</subfield>
   <subfield code="y">中国</subfield>
   <subfield code="z">当代</subfield>
  </datafield>
  <datafield tag="690" ind1=" " ind2=" ">
   <subfield code="a">I247.53</subfield>
   <subfield code="v">5</subfield>
  </datafield>
  <datafield tag="701" ind1=" " ind2="0">
   <subfield code="a">孙屹</subfield>
   <subfield code="9">sun yi</subfield>
   <subfield code="4">著</subfield>
  </datafield>
  <datafield tag="999" ind1="f" ind2="f">
   <subfield code="s">f56ccc66-33c1-4bb1-969e-d81566ddd63c</subfield>
   <subfield code="i">a4ff182f-f10e-4e8a-a439-813f0686dd3b</subfield>
  </datafield>
 </record>
</collection>
